|
|
|
|
| LEADER |
01082nta a2200241 i 4500 |
| 001 |
dokt10878 |
| 005 |
20230112153216.0 |
| 008 |
210430s2021 hu om 0|| eng d |
| 024 |
7 |
|
|a 10.14232/phd.10878
|2 doi
|
| 024 |
7 |
|
|a 32043107
|2 mtmt
|
| 040 |
|
|
|a SZTE Doktori Repozitórium
|b hun
|
| 041 |
|
|
|a eng
|
| 100 |
1 |
|
|a Gáti Tamás
|
| 245 |
1 |
0 |
|a Hydrotherapy and Balneotherapy methods in the treatment of chronic low back pain
|h [elektronikus dokumentum] /
|c Gáti Tamás
|
| 246 |
1 |
0 |
|a Hidroterápiás és Balneoterápiás eljárások krónikus derékfájdalom kezelésében
|h [elektronikus dokumentum]
|
| 260 |
|
|
|c 2021-06-07
|
| 502 |
|
|
|a Disszertacio
|
| 650 |
|
4 |
|a klinikai orvostudományok
|
| 650 |
|
4 |
|a Reumatológia
|
| 700 |
1 |
|
|a Bender Tamás
|e ths
|
| 856 |
4 |
0 |
|u https://doktori.bibl.u-szeged.hu/id/eprint/10878/2/Tamas_Gati_Disszertacio.pdf
|z Dokumentum-elérés
|
| 856 |
4 |
0 |
|u https://doktori.bibl.u-szeged.hu/id/eprint/10878/1/R%C3%B6vid%20angol%20Thesis.pdf
|z Dokumentum-elérés
|
| 856 |
4 |
0 |
|u https://doktori.bibl.u-szeged.hu/id/eprint/10878/3/t%C3%A9zismagyar.pdf
|z Dokumentum-elérés
|